00387 2200157 4500001002100000005001500021035002000036245004100056100002200097300002600119260002800145082000800173084001400181020002200195990001200217INLIS00000000000294920250917112108 a0010-09250002961 aMe And My Heart /cEva Riyanty Lubis0 aEva Riyanty Lubis a200 hlm ;c13 x 19 cm aJakarta :bZettu,c2015 a813 a813 EVA m a978-602-7735-19-4 a0755684